[Event "Championnat de France des Jeunes - Junio"]
[Site "LE GRAND BORNAND"]
[Date "2007.04.09"]
[Round "1.1"]
[White "Ryan, Martin"]
[Black "Feller, Sebastien"]
[Result "0-1"]
[WhiteElo "2010"]
[BlackElo "2445"]
[PlyCount "58"]
[EventDate "2007.??.??"]

1. d4 Nf6 2. c4 e6 3. g3 d5 4. Bg2 dxc4 5. Nf3 a6 6. O-O Nc6 7. Nc3 Nd5 8. Ne5
Nxe5 9. dxe5 c6 10. Ne4 Be7 11. Qc2 Qc7 12. Nd6+ Bxd6 13. exd6 Qxd6 14. Qxc4 e5
15. Rd1 Be6 16. Qh4 Qe7 17. Qh5 Qc7 18. b3 O-O 19. Ba3 Rfd8 20. Rac1 Nf6 21.
Qg5 h6 22. Qh4 Rxd1+ 23. Rxd1 Rd8 24. Rc1 Rd4 25. e4 Qd8 26. Bf3 Rd3 27. Kg2
Kh7 28. g4 g5 29. Qg3 Bxg4 0-1

[Event "Championnat de France des Jeunes - Junio"]
[Site "LE GRAND BORNAND"]
[Date "2007.04.09"]
[Round "1.2"]
[White "Le Goff, Damien"]
[Black "Atanane, Cedric"]
[Result "1-0"]
[WhiteElo "2279"]
[BlackElo "2002"]
[PlyCount "101"]
[EventDate "2007.??.??"]

1. e4 e6 2. d4 d5 3. Nc3 Nf6 4. e5 Nfd7 5. f4 c5 6. Nf3 Nc6 7. Be3 cxd4 8. Nxd4
Bc5 9. Qd2 a6 10. O-O-O Nxd4 11. Bxd4 Bxd4 12. Qxd4 Qb6 13. Qxb6 Nxb6 14. Ne2
Nc4 15. Nd4 Ne3 16. Rd2 Nxf1 17. Rxf1 Bd7 18. Rf3 g6 19. Rc3 Rc8 20. Rdd3 Ke7
21. Kd2 Rc4 22. b3 Rxc3 23. Rxc3 Rc8 24. Rxc8 Bxc8 25. g4 h6 26. h4 Bd7 27. g5
h5 28. Kc3 Kd8 29. Nf3 Kc7 30. Kd4 Bc6 31. Nd2 Bb5 32. Kc5 b6+ 33. Kd4 Kd7 34.
Nb1 Kc7 35. Nc3 Bc6 36. Nd1 a5 37. a3 Bb5 38. Ne3 Kc6 39. f5 gxf5 40. Ng2 Be2
41. Nf4 Bd1 42. Nxe6 Bxc2 43. Nf4 Bxb3 44. Nxh5 b5 45. Nf4 b4 46. axb4 axb4 47.
h5 Bd1 48. h6 b3 49. Kc3 d4+ 50. Kb2 d3 51. Nxd3 1-0

[Event "Championnat de France des Jeunes - Junio"]
[Site "LE GRAND BORNAND"]
[Date "2007.04.09"]
[Round "1.4"]
[White "Delorme, Alban"]
[Black "Tafforeau, Romain"]
[Result "1-0"]
[WhiteElo "2221"]
[BlackElo "1989"]
[PlyCount "71"]
[EventDate "2007.??.??"]

1. e4 c5 2. Nf3 d6 3. d4 cxd4 4. Nxd4 Nf6 5. f3 a6 6. c4 Nc6 7. Nc3 g6 8. Be3
Bg7 9. Qd2 O-O 10. Be2 Bd7 11. O-O Nxd4 12. Bxd4 Bc6 13. b4 Rc8 14. a4 a5 15.
b5 Bd7 16. Qe3 Be6 17. Bb6 Qe8 18. Bxa5 Bxc4 19. Rac1 Nd7 20. Bxc4 Rxc4 21. Qe2
Rc8 22. Nd5 Rxc1 23. Rxc1 e6 24. Rc8 Bd4+ 25. Kf1 Qxc8 26. Ne7+ Kg7 27. Nxc8
Rxc8 28. Qd2 Rc4 29. Bb4 d5 30. exd5 exd5 31. a5 Bc5 32. Bxc5 Rxc5 33. Qb2+ Kg8
34. a6 bxa6 35. bxa6 Ra5 36. Qc3 1-0

[Event "Championnat de France des Jeunes - Junio"]
[Site "LE GRAND BORNAND"]
[Date "2007.04.09"]
[Round "1.5"]
[White "Sally, Paul-Adrien"]
[Black "Pieroni, Guillaume"]
[Result "0-1"]
[WhiteElo "1973"]
[BlackElo "2200"]
[PlyCount "42"]
[EventDate "2007.??.??"]

1. e4 e6 2. d4 d5 3. exd5 exd5 4. Bf4 Nf6 5. Bd3 c5 6. c3 Nc6 7. dxc5 Bxc5 8.
Nf3 O-O 9. O-O Bg4 10. Nbd2 Re8 11. h3 Bh5 12. Nb3 Bb6 13. g4 Bg6 14. Bxg6 hxg6
15. Re1 Ne4 16. Nfd4 Qf6 17. Be3 Ne5 18. f3 Nd6 19. g5 Qd8 20. Bf4 Ndc4 21. Qc2
Nxf3+ 0-1

[Event "Championnat de France des Jeunes - Junio"]
[Site "LE GRAND BORNAND"]
[Date "2007.04.09"]
[Round "1.6"]
[White "Platel, Alexandre"]
[Black "Pantioukhine, Slava"]
[Result "1-0"]
[WhiteElo "2197"]
[BlackElo "1967"]
[PlyCount "75"]
[EventDate "2007.??.??"]

1. e4 d5 2. exd5 Qxd5 3. Nc3 Qd6 4. d4 Nf6 5. g3 c6 6. Bg2 Bg4 7. Nf3 e6 8. O-O
Be7 9. Bf4 Qd8 10. h3 Bh5 11. g4 Bg6 12. Ne5 Nbd7 13. Nxg6 hxg6 14. Bg3 Nb6 15.
a4 Nbd5 16. Qd3 Qd7 17. Ne2 O-O-O 18. c3 g5 19. Qd2 Ne8 20. c4 Nb4 21. c5 a5
22. Rac1 f5 23. f4 fxg4 24. hxg4 gxf4 25. Qxf4 Nc7 26. Qxc7+ Qxc7 27. Bxc7 Kxc7
28. Rf7 Rd7 29. Rxg7 Nd3 30. Rf1 Nxc5 31. Rxe7 Rxe7 32. dxc5 e5 33. Be4 Rh3 34.
Rf2 Rd7 35. Kg2 Re3 36. Nc3 b5 37. axb5 Rxc3 38. b6+ 1-0

[Event "Championnat de France des Jeunes - Junio"]
[Site "LE GRAND BORNAND"]
[Date "2007.04.09"]
[Round "1.8"]
[White "Entem, Alan"]
[Black "Duhamel, Benoit"]
[Result "1-0"]
[WhiteElo "2168"]
[BlackElo "1880"]
[PlyCount "73"]
[EventDate "2007.??.??"]

1. e4 e5 2. Nf3 Nc6 3. Bc4 Nf6 4. Ng5 d5 5. exd5 Na5 6. Bb5+ c6 7. dxc6 bxc6 8.
Be2 h6 9. Nf3 e4 10. Ne5 Qd4 11. f4 g5 12. c3 Qd5 13. d4 g4 14. b4 e3 15. O-O
Nb7 16. Bxe3 Nd6 17. Nd2 Nfe4 18. c4 Qe6 19. f5 Nxf5 20. Bxg4 Nxe3 21. Bxe6
Nxd1 22. Bxf7+ Kd8 23. Nxe4 Ne3 24. Rf3 Nf5 25. Nxc6+ Kc7 26. Bd5 Bb7 27. Rxf5
Bxc6 28. Rf7+ Kb6 29. Rf6 Rc8 30. b5 Bg7 31. Bxc6 Rhd8 32. Rd1 a6 33. Rd6 axb5
34. Bd7+ Kc7 35. Bxc8 Rxd6 36. Nxd6 Kxd6 37. cxb5 1-0

[Event "Championnat de France des Jeunes - Junio"]
[Site "LE GRAND BORNAND"]
[Date "2007.04.09"]
[Round "1.9"]
[White "Cabel-Simon, Remi"]
[Black "Soyez, Cyril"]
[Result "0-1"]
[WhiteElo "1853"]
[BlackElo "2155"]
[PlyCount "38"]
[EventDate "2007.??.??"]

1. g3 g6 2. Bg2 Bg7 3. Nc3 c5 4. d3 Nc6 5. e4 Rb8 6. Be3 b5 7. Bxc5 b4 8. Nd5
Bxb2 9. Rb1 Bg7 10. Ne2 Qa5 11. d4 d6 12. Bxb4 Nxb4 13. c3 Na6 14. Rxb8 Nxb8
15. Qb3 Na6 16. Nef4 Nf6 17. Ne3 O-O 18. O-O Bd7 19. Nc4 Qa4 0-1

[Event "Championnat de France des Jeunes - Junio"]
[Site "LE GRAND BORNAND"]
[Date "2007.04.09"]
[Round "1.10"]
[White "Iglesias, Joachim"]
[Black "Watier, Simon"]
[Result "1-0"]
[WhiteElo "2144"]
[BlackElo "1830"]
[PlyCount "55"]
[EventDate "2007.??.??"]

1. d4 d5 2. Nf3 Nf6 3. e3 e6 4. Bd3 b6 5. Ne5 Bb7 6. Nd2 Nbd7 7. f4 Nxe5 8.
fxe5 Nd7 9. Qg4 Qe7 10. e4 dxe4 11. Nxe4 f5 12. exf6 Nxf6 13. Nxf6+ gxf6 14.
O-O O-O-O 15. Re1 f5 16. Qe2 Re8 17. Bb5 c6 18. Bc4 b5 19. Bxe6+ Kb8 20. Qe5+
Ka8 21. Qxh8 Bg7 22. Bg5 Bxh8 23. Bxe7 Bxd4+ 24. Kh1 Rxe7 25. Bxf5 Rxe1+ 26.
Rxe1 Kb8 27. c3 Bf2 28. Re2 1-0

[Event "Championnat de France des Jeunes - Junio"]
[Site "LE GRAND BORNAND"]
[Date "2007.04.09"]
[Round "1.11"]
[White "Henry, Florent"]
[Black "Nass, Emile"]
[Result "0-1"]
[WhiteElo "1810"]
[BlackElo "2071"]
[PlyCount "60"]
[EventDate "2007.??.??"]

1. e4 e6 2. d4 d5 3. e5 c5 4. c3 Qb6 5. Nf3 Nc6 6. a3 a5 7. Be2 cxd4 8. cxd4
Nge7 9. Bd3 Bd7 10. Bc2 Rc8 11. Nc3 Ng8 12. Rb1 f6 13. Bf4 fxe5 14. Nxe5 Nf6
15. Nxc6 Rxc6 16. O-O Be7 17. Qd3 Rc4 18. Be5 Bd6 19. Bxd6 Qxd6 20. f4 O-O 21.
Bb3 Rcc8 22. Bc2 b5 23. g4 Be8 24. h3 b4 25. axb4 axb4 26. Na4 Ne4 27. Nc5 Rxc5
28. dxc5 Qxc5+ 29. Kg2 Bb5 30. Qb3 Nd2 0-1

[Event "Championnat de France des Jeunes - Junio"]
[Site "LE GRAND BORNAND"]
[Date "2007.04.09"]
[Round "1.12"]
[White "Przymusinski, Nicolas"]
[Black "Juchet, Mathieu"]
[Result "1-0"]
[WhiteElo "2067"]
[BlackElo "1790"]
[PlyCount "43"]
[EventDate "2007.??.??"]

1. e4 e5 2. Nf3 Nc6 3. Bb5 d6 4. d4 exd4 5. Nxd4 Bd7 6. Nc3 g6 7. Be3 Bg7 8.
Bxc6 bxc6 9. Qd2 Ne7 10. O-O O-O 11. f4 d5 12. f5 c5 13. f6 Bxf6 14. Rxf6 cxd4
15. Bxd4 dxe4 16. Qh6 Nf5 17. Rxf5 f6 18. Rff1 Bf5 19. Rad1 Qe7 20. Nd5 Qd6 21.
Rxf5 gxf5 22. Bxf6 1-0

[Event "Championnat de France des Jeunes - Junio"]
[Site "LE GRAND BORNAND"]
[Date "2007.04.09"]
[Round "1.13"]
[White "Cyrille, Wilfrid"]
[Black "Benedic, Patrick"]
[Result "0-1"]
[WhiteElo "1650"]
[BlackElo "2060"]
[PlyCount "145"]
[EventDate "2007.??.??"]

1. d4 d5 2. c4 Bf5 3. Nc3 e6 4. Bf4 c6 5. e3 Nf6 6. Rc1 Nbd7 7. Be2 Be7 8. h3
dxc4 9. Bxc4 Nb6 10. Bb3 Bd6 11. Nge2 Qe7 12. O-O Bxf4 13. Nxf4 e5 14. Nfe2 Rd8
15. Ng3 Bg6 16. Re1 O-O 17. Qf3 exd4 18. exd4 Qb4 19. Nce2 Rfe8 20. a3 Qa5 21.
Red1 Ne4 22. Nxe4 Rxe4 23. Bxf7+ Bxf7 24. Qxe4 Re8 25. Qc2 Bh5 26. g4 Bg6 27.
Qc3 Qg5 28. Ng3 Nd5 29. Qd2 Nf4 30. Kh2 Qh6 31. Nh5 Bxh5 32. Re1 Bf7 33. Rxe8+
Bxe8 34. Qe3 Bf7 35. Kg3 g5 36. Rh1 Kf8 37. h4 Bd5 38. f3 Qd6 39. Qe5 Qxe5 40.
dxe5 h6 41. hxg5 hxg5 42. Rh7 Bf7 43. b4 Kg8 44. Rh1 Nd3 45. Rd1 Bc4 46. e6 Kf8
47. Rh1 Nf4 48. Rh8+ Ke7 49. Rh7+ Kxe6 50. Rxb7 a6 51. Rg7 Kf6 52. Rc7 Bb5 53.
Rc8 Ke5 54. Rg8 Ne6 55. Ra8 Kd4 56. a4 Bxa4 57. Rxa6 Bb5 58. Ra1 Kc3 59. Re1
Bc4 60. Rb1 Nf4 61. Kf2 Nd5 62. Kg3 Nf4 63. Kf2 Nd5 64. Kg3 Nf4 65. Kf2 Kd2 66.
Kg3 Bd3 67. Ra1 Kc3 68. Rc1+ Bc2 69. Re1 Bb3 70. Rc1+ Bc2 71. Re1 Bb3 72. Rc1+
Bc2 73. Re1 0-1

[Event "Championnat de France des Jeunes - Junio"]
[Site "LE GRAND BORNAND"]
[Date "2007.04.09"]
[Round "1.14"]
[White "Houard, Sebastien"]
[Black "Rives, Sylvain"]
[Result "1-0"]
[WhiteElo "2041"]
[BlackElo "1600"]
[PlyCount "45"]
[EventDate "2007.??.??"]

1. e4 e5 2. Bc4 Nf6 3. Nc3 Nc6 4. d3 Bc5 5. Bg5 h6 6. Bh4 d6 7. h3 Be6 8. Nd5
g5 9. Bg3 Bxd5 10. exd5 Ne7 11. Bb5+ Nd7 12. Bc4 Nf5 13. Ne2 Qf6 14. Qd2 O-O-O
15. Nc3 Nxg3 16. fxg3 Qf5 17. Ne4 f6 18. b4 Nb6 19. Bb3 h5 20. bxc5 dxc5 21.
Nxc5 Nxd5 22. Qa5 a6 23. Nxb7 1-0

[Event "Championnat de France des Jeunes - Juniors Filles"]
[Site "LE GRAND BORNAND"]
[Date "2007.04.09"]
[Round "1.1"]
[White "Mehiaoui, Dounia"]
[Black "Swiercz, Sonia"]
[Result "1-0"]
[WhiteElo "1909"]
[BlackElo "1727"]
[PlyCount "67"]

1. e4 c5 2. Nf3 e6 3. d4 cxd4 4. Nxd4 a6 5. Bc4 Qc7 6. Bb3 b5 7. Nc3 Nf6 8. Qe2
d6 9. Bg5 Be7 10. O-O Bb7 11. Bxe6 O-O 12. Bb3 b4 13. Na4 Nxe4 14. Bxe7 Qxe7
15. Nb6 Ra7 16. Rad1 Qg5 17. Nf3 Qg6 18. Nd5 Bxd5 19. Bxd5 Re8 20. Qc4 Nd7 21.
Qxb4 Nef6 22. Bb3 Ne4 23. Rfe1 Ndc5 24. Bd5 Rae7 25. Bc6 Nd7 26. Bxd7 Rxd7 27.
Nd2 Rde7 28. Nxe4 Rxe4 29. Rxe4 Qxe4 30. Qxe4 Rxe4 31. Kf1 Re6 32. Rd5 Rh6 33.
h3 Re6 34. Ra5 1-0

[Event "Championnat de France des Jeunes - Juniors Filles"]
[Site "LE GRAND BORNAND"]
[Date "2007.04.09"]
[Round "1.1"]
[White "Bermond, Stephanie"]
[Black "Huisman, Camille"]
[Result "1-0"]
[WhiteElo "1885"]
[BlackElo "1610"]
[PlyCount "99"]

1. Nf3 Nc6 2. g3 d5 3. Bg2 e5 4. d3 Nf6 5. O-O Bc5 6. Nc3 O-O 7. Bg5 Be6 8. Nd2
Be7 9. e4 d4 10. Ne2 h6 11. Bxf6 Bxf6 12. f4 a5 13. Nf3 Ra6 14. c3 dxc3 15.
bxc3 exf4 16. gxf4 Bg4 17. Rb1 Ra7 18. h3 Bxf3 19. Bxf3 Bxc3 20. Kh1 Bd4 21.
Qd2 Qd7 22. Bg4 Qd6 23. Rb5 Bc5 24. Rd1 Rd8 25. d4 Bb4 26. Qe3 b6 27. Rd3 Qg6
28. Ng3 Raa8 29. Qc1 Nxd4 30. Qd1 Bc5 31. Nf5 Qc6 32. Rxd4 Rxd4 33. Nxd4 Qxe4+
34. Bf3 Qxd4 35. Qxd4 Bxd4 36. Bxa8 Be3 37. f5 Kh7 38. Rd5 c5 39. Rd7 f6 40.
Bd5 b5 41. Ra7 Bd2 42. Rb7 c4 43. Rxb5 c3 44. Bb3 h5 45. Bc2 Kh6 46. Rxa5 Kg5
47. Kg2 Kf4 48. Ra4+ Kg5 49. Rc4 Kh6 50. a4 1-0

[Event "Championnat de France des Jeunes - Juniors Filles"]
[Site "LE GRAND BORNAND"]
[Date "2007.04.09"]
[Round "1.1"]
[White "Cloarec, Audrey"]
[Black "Bolon, Karelle"]
[Result "1/2-1/2"]
[WhiteElo "1859"]
[BlackElo "2107"]
[PlyCount "55"]

1. e4 c5 2. d3 e6 3. g3 d5 4. Nc3 Nf6 5. Bg5 Be7 6. Bg2 h6 7. Bxf6 Bxf6 8. exd5
Bxc3+ 9. bxc3 exd5 10. Ne2 O-O 11. O-O Bg4 12. Re1 Nc6 13. h3 Bxe2 14. Rxe2 Qd7
15. Qd2 Rfe8 16. Rae1 Rxe2 17. Rxe2 Rc8 18. d4 cxd4 19. cxd4 Qd6 20. c3 Rd8 21.
Qb2 Qd7 22. Kh2 Kf8 23. Qb5 Ne7 24. Qc5 b6 25. Qa3 Re8 26. Re5 Kg8 27. Qb3 Rd8
28. Qa3 1/2-1/2

[Event "Championnat de France des Jeunes - Juniors Filles"]
[Site "LE GRAND BORNAND"]
[Date "2007.04.09"]
[Round "1.1"]
[White "Magnin, Segolene"]
[Black "Choisy, Mathilde"]
[Result "0-1"]
[WhiteElo "1796"]
[BlackElo "2100"]
[Annotator ""]

1. e4 c5 2. Nf3 Nc6 3. c3 Nf6 4. Bd3 d5 5. Qe2 Bg4 6. exd5 Nxd5 7. Be4
e6 8. O-O Be7 9. Na3 O-O 10. Nc4 Bh5 11. d3 b5 12. Ne3 Rc8 13. Qc2 Bf6
14. Nxd5 exd5 15. Bf5 Rb8 16. Bf4 Rb7 17. Rfe1 Bxf3 18. gxf3 g6 19.
Bg4 b4 20. Be3 h5 21. Bh3 bxc3 22. bxc3 Qd6 23. Qd2 d4 24. cxd4 Nxd4
25. Bg2 Rb2 26. Qa5 Rb5 27. Qd2 Rb2 28. Qa5 Rc8 29. Rab1 Rxb1 30. Rxb1
Ne2+ 31. Kh1 Qxd3 32. Qb5 Qc2 33. Qb3 Qf5 34. Rd1 c4 35. Qa3 c3 36.
Re1 Nf4 37. Rc1 Nd3 38. Rd1 Ne5 39. f4 c2 40. Rc1 Nc4 41. Qb3 Na5 42.
Qa4 Rc4 43. Qe8+ Kg7 44. Qb8 Rc8 45. Qb4 Nc6 46. Qa4 Ne7 47. Be4 Qg4
48. Rxc2 Rd8 49. Rd2 Rxd2 50. Bxd2 Qe2 51. Kg2 Qxd2 52. Bc2 Bd4 0-1

[Event "Championnat de France des Jeunes - Cadets"]
[Site "LE GRAND BORNAND"]
[Date ""]
[Round "1.1"]
[White "Vernay, Clovis"]
[Black "Jouneau, Quentin"]
[Result "1-0"]
[WhiteElo "2347"]
[BlackElo "1920"]
[Annotator "2007.04.08"]

1. d4 d5 2. c4 c6 3. Nf3 Nf6 4. e3 a6 5. a4 a5 6. Bd3 Na6 7. cxd5 Nxd5
8. Nc3 e6 9. O-O Bd6 10. e4 Ndb4 11. Bb1 Bd7 12. Qe2 Qe7 13. e5 Bc7
14. Bg5 f6 15. Bh4 Qf7 16. Ne4 Nd5 17. exf6 gxf6 18. Bg3 O-O-O 19. Qd2
Nab4 20. Nc5 Bb6 21. Nd3 Qg7 22. Nxb4 Nxb4 23. Qf4 Na6 24. Bd3 Bc7 25.
Qe3 Bxg3 26. hxg3 Nb4 27. Rac1 Nxd3 28. Qxd3 Be8 29. Rfe1 Qd7 30. Qc3
Bh5 31. Qxa5 Bxf3 32. gxf3 h5 33. Rc3 h4 34. Rb3 Kb8 35. g4 f5 36.
Qe5+ Qd6 37. a5 Rh7 38. Rb4 Ka7 39. Qxd6 Rxd6 40. Kh2 fxg4 41. fxg4
Rf7 42. Kg2 Rf4 43. f3 Rfxd4 44. Rxd4 Rxd4 45. Rxe6 Rd2+ 46. Kh3 Rxb2
47. g5 1-0

[Event "Championnat de France des Jeunes - Cadet"]
[Site "LE GRAND BORNAND"]
[Date "2007.04.08"]
[Round "1.2"]
[White "Huertas, Guillaume"]
[Black "Delorme, Axel"]
[Result "0-1"]
[WhiteElo "1913"]
[BlackElo "2305"]
[PlyCount "52"]

1. d4 d5 2. Nf3 Nf6 3. c4 c6 4. Nc3 a6 5. e3 b5 6. cxd5 cxd5 7. a3 e6 8. Bd3
Bb7 9. O-O Nbd7 10. b4 Bd6 11. Bb2 Ne4 12. Rc1 f5 13. Nd2 O-O 14. f4 Nxd2 15.
Qxd2 Nb6 16. Qf2 Rf6 17. Nb1 Nc4 18. Rc2 a5 19. Bc3 axb4 20. axb4 Ra4 21. Bxc4
dxc4 22. Ra2 Rg6 23. g3 Rxa2 24. Qxa2 h5 25. Be1 h4 26. Nd2 Bxb4 0-1

[Event "Championnat de France des Jeunes - Cadet"]
[Site "LE GRAND BORNAND"]
[Date "2007.04.08"]
[Round "1.3"]
[White "Monsieux, Cyril"]
[Black "Baudon, Andrew"]
[Result "1-0"]
[WhiteElo "2301"]
[BlackElo "1908"]
[PlyCount "113"]

1. e4 e5 2. Nc3 Nf6 3. f4 d6 4. Nf3 Nbd7 5. Bc4 Be7 6. O-O O-O 7. Kh1 Nb6 8.
Be2 Re8 9. fxe5 dxe5 10. Nxe5 Bd6 11. Nf3 Nxe4 12. Nxe4 Rxe4 13. d3 Re8 14. Ng5
Rf8 15. d4 h6 16. Ne4 Be7 17. c4 f5 18. Nc3 c6 19. Be3 Be6 20. b3 Bf6 21. Qd2
Bg5 22. Bf3 Bxe3 23. Qxe3 Bf7 24. Rad1 Qc7 25. d5 Rad8 26. dxc6 bxc6 27. Qc5
Rxd1 28. Rxd1 Rd8 29. Qxf5 Rxd1+ 30. Nxd1 Qd6 31. Qc2 Nd7 32. Qc3 Ne5 33. Be2
Ng6 34. Ne3 Qd7 35. Bf3 Nh4 36. Be4 Bg6 37. Bxg6 Nxg6 38. g3 Qe6 39. Qd4 Qe7
40. Kg2 Nf8 41. c5 Nd7 42. b4 Ne5 43. Nc4 Nf7 44. Qe3 Qd7 45. Qd2 Qe6 46. Qd3
Qf6 47. a4 Qe6 48. b5 Ng5 49. b6 axb6 50. cxb6 Qc8 51. h4 Nf7 52. a5 Qb7 53.
Qe3 Qa8 54. Qe6 c5+ 55. Kf2 Qd8 56. b7 Qd4+ 57. Kg2 1-0

[Event "Championnat de France des Jeunes - Cadet"]
[Site "LE GRAND BORNAND"]
[Date "2007.04.08"]
[Round "1.4"]
[White "Appert, Gautier"]
[Black "Frederic, Clement"]
[Result "0-1"]
[WhiteElo "1907"]
[BlackElo "2241"]
[PlyCount "134"]

1. d4 f5 2. Nc3 Nf6 3. Bg5 d5 4. Bxf6 exf6 5. e3 Nc6 6. a3 Be6 7. Bd3 Qd7 8.
Nge2 O-O-O 9. Nf4 Bf7 10. Qf3 Ne7 11. g3 g5 12. Nfe2 h5 13. h4 Bh6 14. O-O-O
Kb8 15. Kb1 Rdf8 16. Ka1 Bg6 17. Nc1 c6 18. Nb3 b6 19. Nd2 f4 20. Bxg6 g4 21.
Qe2 Nxg6 22. gxf4 f5 23. Qd3 Bg7 24. Ne2 Bf6 25. Ng3 Bxh4 26. c4 Rf7 27. cxd5
Qxd5 28. Qc4 Bxg3 29. fxg3 Rfh7 30. Rc1 Kb7 31. Qxd5 cxd5 32. Nb1 h4 33. gxh4
Rxh4 34. Rxh4 Nxh4 35. Nc3 Kc6 36. Ne2+ Kd7 37. Ng3 Rh7 38. Rh1 Ke6 39. Kb1 Rh8
40. Kc2 Ng6 41. Rxh8 Nxh8 42. Kd3 Ng6 43. b3 Nh4 44. Ke2 Ng6 45. Kd3 Ne7 46.
Kc3 Nc8 47. Kd3 Nd6 48. Ke2 Kf6 49. Kf2 Nb7 50. b4 Nd6 51. a4 Kg6 52. Ke2 Nc4
53. Kd3 a6 54. b5 axb5 55. axb5 Na3 56. Kc3 Nxb5+ 57. Kb4 Nd6 58. Ka4 Ne4 59.
Ne2 g3 60. Kb5 g2 61. Kxb6 Kh5 62. Kc6 Kg4 63. Ng1 Nf2 64. Kxd5 Nh3 65. Ke6
Nxg1 66. d5 Nh3 67. d6 g1=Q 0-1

[Event "Championnat de France des Jeunes - Cadet"]
[Site "LE GRAND BORNAND"]
[Date "2007.04.08"]
[Round "1.6"]
[White "Forlot, Francois"]
[Black "Guilleux, Fabien"]
[Result "0-1"]
[WhiteElo "1902"]
[BlackElo "2203"]
[PlyCount "46"]

1. e4 c5 2. Nf3 d6 3. d4 cxd4 4. Nxd4 Nf6 5. Nc3 a6 6. Bg5 e6 7. Be2 Be7 8. Qd2
Qc7 9. O-O-O Nbd7 10. g4 b5 11. Bxb5 axb5 12. Ndxb5 Qc6 13. f3 Ne5 14. Bxf6 Nc4
15. Qe2 gxf6 16. Rd4 Nb6 17. Qd1 Kd7 18. Qd2 Ba6 19. Rb4 Bxb5 20. Nxb5 Rxa2 21.
Kb1 Rha8 22. Na3 Nc4 23. Qd3 Nxa3+ 0-1

[Event "Championnat de France des Jeunes - Cadet"]
[Site "LE GRAND BORNAND"]
[Date "2007.04.08"]
[Round "1.7"]
[White "Genzling, Alain"]
[Black "Wojtkowski, Frederic"]
[Result "1-0"]
[WhiteElo "2199"]
[BlackElo "1901"]
[PlyCount "59"]

1. e4 c5 2. Nf3 Nc6 3. d4 cxd4 4. Nxd4 d6 5. Nc3 g6 6. Be3 Bg7 7. Be2 Nf6 8.
Nb3 O-O 9. f4 Bd7 10. g4 Rc8 11. g5 Ne8 12. Qd2 a6 13. h4 b5 14. h5 Nc7 15.
O-O-O a5 16. hxg6 fxg6 17. Bb6 a4 18. Na5 Rb8 19. Nxc6 Bxc6 20. Bxc7 Qxc7 21.
Bg4 Bd7 22. Nd5 Qd8 23. Bxd7 Qxd7 24. Qh2 Kf7 25. f5 Rh8 26. f6 exf6 27. Nxf6
Bxf6 28. Rhf1 Rb6 29. Rxf6+ Kg7 30. Qh6+ 1-0

[Event "Championnat de France des Jeunes - Cadet"]
[Site "LE GRAND BORNAND"]
[Date "2007.04.08"]
[Round "1.8"]
[White "Petitjeans, Jeremy"]
[Black "Brethes, Francois"]
[Result "0-1"]
[WhiteElo "1895"]
[BlackElo "2180"]
[PlyCount "110"]

1. d4 d5 2. c4 e6 3. Nc3 Nf6 4. Bg5 Be7 5. Nf3 c6 6. e3 Nbd7 7. Bd3 h6 8. Bh4
dxc4 9. Bxc4 b5 10. Bd3 a6 11. O-O c5 12. dxc5 Nxc5 13. Bc2 Bb7 14. Qxd8+ Rxd8
15. Rad1 O-O 16. a3 g5 17. Bg3 Rc8 18. Be5 g4 19. Nd4 Ncd7 20. Bxf6 Nxf6 21.
Bb3 Bxa3 22. Ncxb5 Bxb2 23. Nd6 Rb8 24. Nxe6 fxe6 25. Bxe6+ Kh8 26. Rb1 Bc6 27.
Nc4 Rfe8 28. Bf7 Re7 29. Nxb2 Be4 30. Rbc1 Rxf7 31. Na4 a5 32. Rc5 Ra7 33. Ra1
Rb1+ 34. Rxb1 Bxb1 35. f3 Ba2 36. Kf2 Bb3 37. Nc3 a4 38. e4 gxf3 39. gxf3 a3
40. Rc6 Ng8 41. Kg3 a2 42. Nxa2 Bxa2 43. e5 Re7 44. f4 Be6 45. Rd6 Kg7 46. Kf3
Bf5 47. Rc6 Re6 48. Rc7+ Ne7 49. h4 Kf7 50. Rc3 Rc6 51. Ra3 Rc4 52. h5 Rd4 53.
Ra6 Be6 54. Ra7 Rd3+ 55. Ke2 Rh3 0-1

[Event "Championnat de France des Jeunes - Cadet"]
[Site "LE GRAND BORNAND"]
[Date "2007.04.08"]
[Round "1.9"]
[White "Vialatte, Jean-Charles"]
[Black "Lagunes, Matthieu"]
[Result "1/2-1/2"]
[WhiteElo "2136"]
[BlackElo "1872"]
[PlyCount "91"]

1. d4 e6 2. c4 b6 3. Nc3 Bb7 4. e4 Bb4 5. Bd3 f5 6. Qe2 Qh4 7. g3 Qe7 8. f3 Nc6
9. Be3 e5 10. d5 Nd4 11. Qd1 O-O-O 12. a3 Bc5 13. b4 Nc2+ 14. Qxc2 Bxe3 15.
exf5 Nh6 16. d6 cxd6 17. Be4 Bd4 18. Bxb7+ Kxb7 19. Qe4+ Kb8 20. Nge2 Rhe8 21.
Nxd4 exd4 22. Qxe7 Rxe7+ 23. Ne4 Nxf5 24. Kf2 Rf8 25. Rhe1 h6 26. h4 Re6 27.
Rad1 Kc7 28. Re2 Kd8 29. h5 Ke7 30. Rd3 a6 31. g4 Ne3 32. Rxd4 Nxg4+ 33. Kg2
Ne5 34. Nxd6 Nxf3 35. Nc8+ Rxc8 36. Rxe6+ Kxe6 37. Kxf3 d6 38. Rg4 Rf8+ 39. Ke4
Rf7 40. Rg6+ Kd7 41. a4 Re7+ 42. Kd4 Kc6 43. b5+ axb5 44. cxb5+ Kd7 45. Rg3 Ke6
46. Rg6+ 1/2-1/2

[Event "Championnat de France des Jeunes - Cadet"]
[Site "LE GRAND BORNAND"]
[Date "2007.04.08"]
[Round "1.10"]
[White "Azouit, Remi"]
[Black "Wunderman, Xavier"]
[Result "1/2-1/2"]
[WhiteElo "1860"]
[BlackElo "2136"]
[PlyCount "61"]

1. e4 c6 2. d4 d5 3. exd5 cxd5 4. Nc3 Nc6 5. Bb5 Nf6 6. Bf4 a6 7. Be2 Qb6 8.
Na4 Qa5+ 9. c3 b5 10. Nc5 b4 11. Nb3 Qb6 12. Nf3 e6 13. O-O Be7 14. Rc1 O-O 15.
Ne5 Nxe5 16. Bxe5 Nd7 17. Bg3 f5 18. Bf4 Bd6 19. Qd2 bxc3 20. bxc3 Bb7 21. Rb1
Qc7 22. Bxd6 Qxd6 23. Rfe1 Rac8 24. Bd3 f4 25. Qc2 h6 26. Bf1 Rf6 27. Nd2 Ba8
28. Nf3 Qc6 29. Rb3 Bb7 30. Reb1 Ba8 31. Re1 1/2-1/2

[Event "Championnat de France des Jeunes - Cadet"]
[Site "LE GRAND BORNAND"]
[Date "2007.04.08"]
[Round "1.11"]
[White "Tarchichi, Paul"]
[Black "Davy, Igor"]
[Result "0-1"]
[WhiteElo "2130"]
[BlackElo "1856"]
[PlyCount "64"]

1. e4 c5 2. Nf3 Nc6 3. d4 cxd4 4. Nxd4 g6 5. c4 Bg7 6. Be3 Nf6 7. Nc3 O-O 8.
Be2 d6 9. O-O Bd7 10. Qd2 a6 11. f3 Rb8 12. Nb3 Ne5 13. Rfd1 Be6 14. Nd5 Bxd5
15. exd5 b5 16. cxb5 axb5 17. a3 Nc4 18. Bxc4 bxc4 19. Na5 c3 20. Qxc3 Nxd5 21.
Qxg7+ Kxg7 22. Rxd5 e6 23. Nc6 Qc7 24. Nxb8 exd5 25. Na6 Qc4 26. Nb4 Qb3 27.
Bd4+ Kg8 28. Re1 f5 29. Nc6 Qc4 30. Re7 Rc8 31. Rg7+ Kf8 32. Rxh7 Rxc6 0-1

[Event "Championnat de France des Jeunes - Cadet"]
[Site "LE GRAND BORNAND"]
[Date "2007.04.08"]
[Round "1.12"]
[White "Le Duigou, Goulven"]
[Black "Curto, Nicolas"]
[Result "0-1"]
[WhiteElo "1830"]
[BlackElo "2082"]
[PlyCount "82"]

1. e4 c5 2. Nf3 Nc6 3. Bc4 e6 4. Nc3 Nf6 5. d4 cxd4 6. Nxd4 d6 7. O-O Be7 8.
Be3 O-O 9. Qe2 a6 10. a3 Qc7 11. Rad1 b5 12. Ba2 Bd7 13. f4 Rfc8 14. e5 dxe5
15. fxe5 Qxe5 16. Nb3 Be8 17. Qf3 Qh5 18. Qxh5 Nxh5 19. Nd4 Rd8 20. Ne4 Nf6 21.
Nxc6 Bxc6 22. Nc5 a5 23. Nd3 Be4 24. Bg5 Rac8 25. Rf4 Bg6 26. Bb1 h6 27. Bxf6
Bxf6 28. b3 Bc3 29. Rff1 b4 30. axb4 axb4 31. Rf4 Bd4+ 32. Kf1 e5 33. Rh4 Bc3
34. Ke2 e4 35. Nf2 f5 36. Rh3 Kh7 37. Ke3 f4+ 38. Kxf4 Bd2+ 39. Kg3 Rc3+ 40.
Kg4 h5+ 41. Kh4 e3 0-1

[Event "Championnat de France des Jeunes - Cadet"]
[Site "LE GRAND BORNAND"]
[Date "2007.04.08"]
[Round "1.13"]
[White "Valles, Manuel"]
[Black "Moreau, Emilien"]
[Result "1-0"]
[WhiteElo "2081"]
[BlackElo "1830"]
[PlyCount "75"]

1. e4 c5 2. Nf3 Nc6 3. d4 cxd4 4. Nxd4 Nf6 5. Nc3 e5 6. Nb3 Bb4 7. Bc4 O-O 8.
O-O Bxc3 9. bxc3 Nxe4 10. Ba3 Nxc3 11. Qd3 d5 12. Bxf8 Qxf8 13. Qxc3 dxc4 14.
Qxc4 Be6 15. Qb5 Qe7 16. Rab1 Rc8 17. c3 Nd8 18. Qxe5 Qa3 19. Ra1 Nc6 20. Qb5
b6 21. Nd4 Nxd4 22. cxd4 Rd8 23. Rfd1 Bd5 24. Rd3 Qd6 25. Re1 Bc6 26. Qe5 Qb4
27. d5 Bd7 28. Qe7 Qxe7 29. Rxe7 Kf8 30. d6 Be6 31. Rxa7 Rc8 32. Rc7 Rd8 33. a3
b5 34. f3 g5 35. Kf2 h5 36. Rc5 Bc4 37. Rd4 f6 38. a4 1-0